A long way from home (novel)

محفوظ في:
التفاصيل البيبلوغرافية
المؤلف الرئيسي: Murray, W. Cotter
التنسيق: كتاب
اللغة:Undetermined
منشور في: Boston Houghton Mifflin 1974
الموضوعات:
الوسوم: إضافة وسم
لا توجد وسوم, كن أول من يضع وسما على هذه التسجيلة!
Thư viện lưu trữ: Trung tâm Học liệu Trường Đại học Cần Thơ
LEADER 00503nam a2200181Ia 4500
001 CTU_221784
008 210402s9999 xx 000 0 und d
082 |a 813 
082 |b M984 
100 |a Murray, W. Cotter 
245 2 |a A long way from home (novel) 
245 0 |c W. Cotter Murray 
260 |a Boston 
260 |b Houghton Mifflin 
260 |c 1974 
650 |a African Americans,Người Mỹ gốc Phi 
904 |i Nguyên 
980 |a Trung tâm Học liệu Trường Đại học Cần Thơ